Biblioteca

El proyecto teológico de Teilhard de Chardin (Registro nro. 33903)

Detalles MARC
000 -LÍDER
Campo fijo de descripción fija 01583nam a22002537a 4500
001 - NÚMERO DE CONTROL
Campo de control 3212
003 - IDENTIFICADOR DEL NÚMERO DE CONTROL
Campo de control CO-MdFUSB
005 - FECHA Y HORA DE LA ULTIMA TRANSACCIÓN
control field 20180622073133.0
008 - ELEMENTOS DE LONGITUD FIJA -- INFORMACIÓN GENERAL
Campo fijo de descripción fija -- Información general 180509t1971 sp ||||| |||| 00| 0 spa d
040 ## - FUENTE DE CATALOGACIÓN
Agencia de catalogación original CO-MdFUSB
Idioma de catalogación spa
Agencia que realiza la transcripción CO-MdFUSB
Agencia que realiza la modificación CO-MdFUSBC
Convenciones de la descripción rda
041 0# - CÓDIGO DE IDIOMA
Código de idioma para texto/pista de sonido o título separado spa
082 04 - NÚMERO DE CLASIFICACIÓN DECIMAL DEWEY
Número de clasificación G 230 F465p
100 1# - ASIENTO PRINCIPAL--NOMBRE PERSONAL
Nombre personal Fierro, Alfredo (1936-)
Término relacionador autor
245 #3 - TÍTULO
Título del Material El proyecto teológico de Teilhard de Chardin
Mención de responsabilidad, etc. / Alfredo Fierro
264 #4 - PRODUCCIÓN, PUBLICACIÓN, DISTRIBUCIÓN, MANUFACTURA, Y COPYRIGHT
Lugar de producción, publicación, distribución, manufactura Salamanca, España :
Nombre del productor, publicador, distribuidor Sígueme,
Fecha de producción, publicación, distribución, manufactura, o copyright ©1971
300 ## - DESCRIPCIÓN FÍSICA
Extensión 653 Pag
336 ## - TIPO DE CONTENIDO
Fuente rdacontent
Término de tipo de contenido texto
Código de tipo de contenido txt
337 ## - TIPO DE MEDIO
Fuente rdamedia
Nombre del tipo de medio sin mediación
Código del tipo de medio n
338 ## - TIPO DE SOPORTE
Fuente rdacarrier
Nombre del tipo de soporte volumen
Código Tipo de soporte nc
505 00 - NOTA DE CONTENIDO
Nota de contenido con formato preestablecido - Intuición, Fenomenología, Sistema: - La fisicia y el fenomeno - Una visión apasionada - Sabiduría y sistema - Tres tiempos de un pesamiento - La religión de los Cristico: - Génesis del sentido cristico - Lo cosmico y lo cristico - Medio divino y universal de la eucaristia - Muerte y éxtasis - Lo cristico y lo sacro - Panteismo y pan-cristiano - Lo cristico y lo cristiano - Mistica de Jesús - Fenomenología preteoligíca: - El fenómeno y teología - Omega - Omega y muerte - Omega- irreversivilidad, inmortalidad, convergencia - Omega-trascendecia - Dialectica y Mistica - Fenomenología y folosofía de la acción - El Epilogo de la historia - Teologia en proyecto: -Premisas y proyecto de una teología - Esencia y destino del cristiano - Historia y gracia - Cristo omega y Cristo Jesús - Creación y pleroma divino -
650 #7 - ASIENTO SECUNDARIO DE MATERIA - TERMINO TEMÁTICO
Término temático o nombre geográfico como elemento de entrada Teología bíblica
9 (RLIN) 320
653 ## - TÉRMINO DE INDIZACIÓN - NO CONTROLADO
Término no controlado Teilhard de Chardin, Pierre - Teología
942 ## - TIPO DE MATERIAL (KOHA)
Tipo de Item KOHA Libros General
Existencias
Estado de Material Estado de Perdido Volumen-Parte/Tomo Estado de Dañado No para Préstamo Colección Tomo Biblioteca de Origen Biblioteca Permanente Fecha de Adquisición Total de Préstamos Signatura Topográfica Código de Barras Última vez visto Ejemplar/Existencia Fecha de Remplazo Tipo de Material
    30     Colección General   Biblioteca FUSBC Biblioteca FUSBC 01/12/2004   G 230 F465p 2710 12/12/2019 1 26/01/2016 Libros General

Biblioteca FUSBC | Teléfono: (57+4) 349 88 10 Ext. 141| WhatsApp (+57) 3005338115 
E-mail: biblioteca@unisbc.edu.co | Calle 76 87-14 Robledo Palenque, Medellín, Colombia

Con tecnología Koha